Thực tập hình thái giải phẩu thực vật

Quyến sách này giới thiệu về các loại máy móc dụng cụ, phương pháp nghiên cứu, thuốc thử và hoá chất dùng trong thực tập thực vật

Bewaard in:
Bibliografische gegevens
Hoofdauteur: Trần, Công Khánh
Formaat: Boek
Taal:Undetermined
Gepubliceerd in: Hà Nội [ Đại học tổng hợp Hà Nội] 1981
Onderwerpen:
Tags: Voeg label toe
Geen labels, Wees de eerste die dit record labelt!
Thư viện lưu trữ: Trung tâm Học liệu Trường Đại học Cần Thơ
LEADER 00942nam a2200229Ia 4500
001 CTU_147397
008 210402s9999 xx 000 0 und d
082 |a 571.3 
082 |b Kh107 
100 |a Trần, Công Khánh 
245 0 |a Thực tập hình thái giải phẩu thực vật 
245 0 |c Trần Công Khánh 
260 |a Hà Nội 
260 |b [ Đại học tổng hợp Hà Nội] 
260 |c 1981 
520 |a Quyến sách này giới thiệu về các loại máy móc dụng cụ, phương pháp nghiên cứu, thuốc thử và hoá chất dùng trong thực tập thực vật 
526 |a TT. Hình thái giải phẫu thực vật 
526 |b SP179 
650 |a Botany,Thực vật 
650 |x Laboratory manuals,Cẩm nang thí nghiệm 
904 |i Hoan 
980 |a Trung tâm Học liệu Trường Đại học Cần Thơ